000
00236 a2200097 4500
001
33397
100
_a
Chatfield,A.B
245
_a
Fundamentals of High Accuracy Inertial Navigation
260
_a
USA
_b
AIAA
_c
1997
090
_c
22266
_d
22266
942
_a
NUST-CAE
_c
M
_c
13632
999
_c
268470
_d
268470